header

Cyclic separating reactors (Record no. 150732)

MARC details
000 -LEADER
fixed length control field 01257nam a22003254a 4500
082 04 - DEWEY DECIMAL CLASSIFICATION NUMBER
Classification number 660/.2842
100 1# - MAIN ENTRY--AUTHOR NAME
Personal name Aida, Takashi.
245 10 - TITLE STATEMENT
Title Cyclic separating reactors
260 ## - PUBLICATION, DISTRIBUTION, ETC. (IMPRINT)
Place of publication Ames, Iowa :
Name of publisher Blackwell Pub.,
Year of publication 2005.
300 ## - PHYSICAL DESCRIPTION
Number of Pages xii, 386 p. :
Other physical details ill.
650 #0 - SUBJECT ADDED ENTRY--TOPICAL TERM
Topical Term Separation (Technology)
Topical Term Chemistry, Technical.
700 1# - ADDED ENTRY--PERSONAL NAME
Personal name Silveston, Peter L.
856 40 - ELECTRONIC LOCATION AND ACCESS
Uniform Resource Identifier http://site.ebrary.com/lib/rucke/Doc?id=10236672

No items available.

© 2026 Rongo University
Contact us: librarian | system librarian | Rongo university